书目信息 |
| 题名: |
微纳米硫系固体润滑
|
|
| 作者: | 王海斗 著 | |
| 分册: | ||
| 出版信息: | 北京 科学出版社 2009.02 |
|
| 页数: | 417页 | |
| 开本: | 24cm | |
| 丛书名: | ||
| 单 册: | ||
| 中图分类: | TH117.2 | |
| 科图分类: | ||
| 主题词: | 机械--摩擦 , 磨损 , 机械--润滑 | |
| 电子资源: | ||
| ISBN: | 978-7-03-023653-1 | |
| 000 | 00625nam0 2200217 450 | |
| 001 | 0932574738 | |
| 005 | 20091214090429.90 | |
| 010 | @a978-7-03-023653-1@dCNY80.00 | |
| 100 | @a20091214d2009 km y0chiy0120 ea | |
| 101 | 0 | @achi |
| 102 | @aCN@b110000 | |
| 200 | 1 | @a微纳米硫系固体润滑@Awei na mi liu xi gu ti run hua@f王海斗等著@Fwang hai dou deng zhu |
| 210 | @a北京@c科学出版社@d2009.02 | |
| 215 | @a417页@d24cm | |
| 606 | 0 | @a机械@x摩擦 |
| 606 | 0 | @a磨损 |
| 606 | 0 | @a机械@x润滑 |
| 690 | @aTH117.2@v4 | |
| 701 | 0 | @a王海斗@Awang hai dou@4著 |
| 801 | 0 | @aCN@b山东省滨州职业学院图书馆@c20091214 |
| 905 | @aBZT@dTH117.2@e2 | |
| 微纳米硫系固体润滑/王海斗等著.-北京:科学出版社,2009.02 |
| 417页;24cm |
| ISBN 978-7-03-023653-1:CNY80.00 |
| ● |
| 相关链接 |
|
|
|
正题名:微纳米硫系固体润滑
索取号:TH117.2/2
 
预约/预借
| 序号 | 登录号 | 条形码 | 馆藏地/架位号 | 状态 | 备注 |
| 1 | 726454 | 2000726454 | 样本书库/样003架A面3层1列/ [索取号:TH117.2/2] | 在馆 | |
| 2 | 726455 | 2000726455 | 中心书库中库/ 中库030架A面3列3层10/ [索取号:TH117.2/2] | 在馆 | |
| 3 | 726456 | 2000726456 | 中心书库中库/ 中库030架A面3列3层7/ [索取号:TH117.2/2] | 在馆 | |
| 4 | 726457 | 2000726457 | 中心书库中库/ 中库030架A面3列3层11/ [索取号:TH117.2/2] | 在馆 | |
| 5 | 726458 | 2000726458 | 中心书库中库/ 中库030架A面3列3层9/ [索取号:TH117.2/2] | 在馆 | |
| 6 | 726459 | 2000726459 | 中心书库中库/ 中库030架A面3列3层8/ [索取号:TH117.2/2] | 在馆 |